000 01273cam a2200253 4500
001 ABS65716
008 020725n2002 000 0 eng u
035 _a(Sirsi) u119049
100 _aDixon, M
245 _aOffice outsourcing - just common sense
260 _c2002
490 _aFacilities Management
_v9(10) July 2002, 10-11(2)
520 _aLooks at the trend of office outsourcing, prompted by more companies looking for cost-effective and flexible solutions to their office accommodation. Argues that having a good office environment is vital to recruit and keep staff, and illustrates how foward thinking companies are taking the outsourcing route to maximise their growth potential. Highlights the benefits of office outsourcing for organisations operating from several locations and shows how outsourcing can mean substantial cost savings. Concludes that outsourcing of office space will become commonplace over the next five to ten years. Graph. Table.
590 _aABS
650 _aOCCUPANCY COSTS
650 _aOUTSOURCING
650 _aOFFICE ENVIRONMENTS
650 _aCOST SAVINGS
650 _aOFFICE FLOORSPACE
650 _aFLEXIBILITY
650 _aSERVICED OFFICES
690 _aMANAGEMENT-FACILITIES MANAGEMENT
942 _n0
999 _c70820
_d70820